000 00773nam a2200241 4500
003 DO-SdBNP
005 20240412074308.0
007 ta
008 210625b ||||| |||| 00| 0 eng d
020 _a9789995481976
040 4 _aDO-SdBNP
_bspa
_cBNPHU
082 4 _222
_a861.5
_bL581p
100 1 _aLeonardo, Ramón,
_d1954 -
_979008
245 1 3 _aLa pulsación de la conciencia en la metamorfosis del amor /
_cRamón Leonardo
260 _aSanto Domingo :
_bCentenario,
_c2018.
300 _a179 p. :
_bil. ;
_c23 cm.
500 _aIncluye datos biográficos del autor en la solapa de la cubierta.
590 _aInventariado, 2021 S/A
650 1 4 _976127
_aPoesía amorosa dominicana
650 1 0 _aLiteratura dominicana.
_967
910 _aSaquino
942 _2ddc
_cLBS1
999 _c50004
_d50004